000 00888nam a22002057a 4500
999 _c8394
_d8394
003 AR-CdUCM
008 190325b ||||| |||| 00| 0 spa d
040 _aMUNICIPALIDAD PROVINCIAL DEL CUSCO
_cBIBLIOTECA MUNICIPAL DEL CUSCO
082 _a657 /
_bV436
100 _aVelez Aguayo, Jesus
_923562
245 _aIntroduccion a la Contabilidad Grafica /
260 _aMéxico :
_bUnion Tipografica Editorial Hispano Americana ,
_c1963.
300 _a91 páginas ;
_c17 cm.
505 _aContenido : El concepto grafico -- Represenacion grafica de la contabilidad -- Representacion grafica del estado de perdidas y ganancias -- Representacion grafica del costo unitario de venta -- Representacion grafica del punto de equilibrio...
650 _aContabilidad
_910543
650 _aContabilidad Grafica
_923563
650 _aFinanzas y Estados
_923564
942 _2ddc
_cLIBROS
945 _artm